[Event "EU-Cup (Women) 26th"]
[Site "Mayrhofen"]
[Date "2022.10.09"]
[Round "7.3"]
[White "Thorsteinsdottir, Hallgerdur"]
[Black "Schnegg, Anna Lena"]
[Result "1-0"]
[WhiteElo "1959"]
[BlackElo "2154"]
[PlyCount "72"]
[EventDate "2022.10.03"]
[EventType "team-swiss"]
[EventRounds "7"]
[EventCountry "AUT"]
[SourceTitle "CBM 210 Extra"]
[Source "ChessBase"]
[SourceDate "2022.11.30"]
[SourceVersion "1"]
[SourceVersionDate "2022.11.30"]
[SourceQuality "1"]
[WhiteTeam "Gardabaer (W)"]
[BlackTeam "Zell/Zillertal (W)"]
[WhiteTeamCountry "ISL"]
[BlackTeamCountry "AUT"]

1. e4 e5 2. Nf3 d6 3. d4 exd4 4. Nxd4 Nf6 5. Nc3 Be7 6. Bf4 0-0 7. Qd2 Nc6 8. 0-0-0 Nxd4 9. Qxd4 Be6 10. Bc4 Nd7 11. Nd5 Nb6 12. Nxe7+ Qxe7 13. Be2 a5 14. a3 Rfd8 15. h4 d5 16. h5 c5 17. Qe3 Rac8 18. h6 g6 19. Qc3 d4 20. Qxa5 Rc6 21. Bb5 Nc4 22. Qa4 Nb6 23. Qa5 Nc4 24. Bxc4 Bxc4 25. f3 Ra6 26. Qd2 b5 27. c3 Bb3 28. Kb1 Bxd1 29. Rxd1 d3 30. e5 Rd5 31. Qe3 c4 32. Qe4 Qe6 33. Bg3 Ra8 34. f4 Rad8 35. Bh4 Qg4 36. Qe1 d2 1-0

[Event "EU-Cup (Women) 26th"]
[Site "Mayrhofen"]
[Date "2022.10.08"]
[Round "6.3"]
[White "Schnegg, Anna Lena"]
[Black "Reprun, Nadejda"]
[Result "0-1"]
[WhiteElo "2154"]
[BlackElo "1968"]
[PlyCount "74"]
[EventDate "2022.10.03"]
[EventType "team-swiss"]
[EventRounds "7"]
[EventCountry "AUT"]
[SourceTitle "CBM 210 Extra"]
[Source "ChessBase"]
[SourceDate "2022.11.30"]
[SourceVersion "1"]
[SourceVersionDate "2022.11.30"]
[SourceQuality "1"]
[WhiteTeam "Zell/Zillertal (W)"]
[BlackTeam "Rishon Le Zion (W)"]
[WhiteTeamCountry "AUT"]
[BlackTeamCountry "ISR"]

1. g3 d5 2. Bg2 Nf6 3. Nf3 Bf5 4. 0-0 c6 5. d3 h6 6. Nbd2 e6 7. c3 Be7 8. Qc2 0-0 9. b3 Bh7 10. Bb2 Nbd7 11. Rad1 Qc7 12. Rfe1 Rfd8 13. Qc1 a5 14. Ba3 Bxa3 15. Qxa3 b5 16. e4 Nb6 17. e5 Nfd7 18. d4 c5 19. Qb2 c4 20. Bf1 Rdb8 21. Ra1 b4 22. Rec1 Rc8 23. a3 bxa3 24. Rxa3 Rcb8 25. Rca1 cxb3 26. Rxb3 Nc4 27. Qa2 Rxb3 28. Qxb3 Rb8 29. Qa4 Ndb6 30. Qa2 Nxd2 31. Qxd2 Be4 32. Ne1 Rc8 33. Rxa5 Nc4 34. Bxc4 Qxa5 35. Bd3 Qxc3 36. Qe3 Bxd3 37. Nxd3 Rc4 0-1

[Event "AUT-chT (Women) 2122"]
[Site "Austria"]
[Date "2022.03.26"]
[Round "6.1"]
[White "Motycakova, Monika"]
[Black "Schnegg, Anna Lena"]
[Result "1-0"]
[WhiteElo "2090"]
[BlackElo "2172"]
[PlyCount "107"]
[EventDate "2021.11.06"]
[EventType "team-tourn"]
[EventRounds "9"]
[EventCountry "AUT"]
[SourceTitle "EXT 2023"]
[Source "ChessBase"]
[SourceDate "2022.10.05"]
[SourceVersion "1"]
[SourceVersionDate "2022.10.05"]
[SourceQuality "1"]
[WhiteTeam "Dornbirn (W)"]
[BlackTeam "Mayrhofen/Zillertal (W)"]
[WhiteTeamCountry "AUT"]
[BlackTeamCountry "AUT"]

1. e4 d6 2. d4 Nf6 3. Nc3 c6 4. f4 Qa5 5. e5 Ne4 6. Bd3 Nxc3 7. Qd2 c5 8. bxc3 dxe5 9. fxe5 Nc6 10. Ne2 Be6 11. 0-0 cxd4 12. cxd4 Qxd2 13. Bxd2 0-0-0 14. Be3 g5 15. Bf5 Bxf5 16. Rxf5 f6 17. e6 Rd6 18. d5 Ne5 19. c4 b5 20. cxb5 Rxd5 21. Bxa7 Rxb5 22. a4 Rb2 23. Nd4 Bh6 24. Bc5 g4 25. Nb5 Rd8 26. Rf2 Rxf2 27. Bxf2 Rd5 28. Kf1 Nd3 29. Bg3 Nc5 30. Nc7 Rd3 31. Nb5 Nxe6 32. a5 Nc5 33. a6 Rd8 34. a7 Kb7 35. Nc7 Ra8 36. Rb1+ Kxa7 37. Ra1+ Kb7 38. Nxa8 Ne4 39. Ra4 Nxg3+ 40. hxg3 f5 41. Ra5 e6 42. Re5 Kxa8 43. Rxe6 Bc1 44. Rf6 Kb7 45. Ke2 h6 46. Kd3 Kc7 47. Kc4 Bg5 48. Rxf5 Kd6 49. Kd4 Ke6 50. Ke4 Bd2 51. Rf8 Bc1 52. Rg8 Bg5 53. Rg6+ Bf6 54. Rxh6 1-0

[Event "AUT-chT (Women) 2122"]
[Site "Austria"]
[Date "2021.11.06"]
[Round "1.1"]
[White "Gaal, Zsoka"]
[Black "Schnegg, Anna Lena"]
[Result "1-0"]
[WhiteElo "2336"]
[BlackElo "2193"]
[PlyCount "57"]
[EventDate "2021.11.06"]
[EventType "team-tourn"]
[EventRounds "9"]
[EventCountry "AUT"]
[SourceTitle "CBM 205 Extra"]
[Source "ChessBase"]
[SourceDate "2022.01.31"]
[SourceVersion "1"]
[SourceVersionDate "2022.01.31"]
[SourceQuality "1"]
[WhiteTeam "Wulkaprodersdorf (W)"]
[BlackTeam "Mayrhofen/Zillertal (W)"]
[WhiteTeamCountry "AUT"]
[BlackTeamCountry "AUT"]

1. Nf3 g6 2. d4 Bg7 3. c4 d6 4. Nc3 Nd7 5. g3 Ngf6 6. Bg2 0-0 7. 0-0 c6 8. e4 e5 9. Be3 Qe7 10. Re1 b6 11. Qc2 Ba6 12. b3 Ng4 13. Bg5 Bf6 14. Bxf6 Ngxf6 15. Rad1 Rfd8 16. Qc1 Kg7 17. Rd2 Bb7 18. Qa3 c5 19. dxe5 Nxe5 20. Qb2 Kg8 21. Nxe5 dxe5 22. Nd5 Qd6 23. f4 Ng4 24. h3 Nh6 25. fxe5 Qf8 26. g4 Kh8 27. g5 Bxd5 28. e6+ f6 29. cxd5 1-0

[Event "AUT-chT (Women) 1920"]
[Site "Austria"]
[Date "2020.01.12"]
[Round "6.1"]
[White "Schnegg, Anna Lena"]
[Black "Brunello, Marina"]
[Result "1-0"]
[WhiteElo "2224"]
[BlackElo "2371"]
[PlyCount "95"]
[EventDate "2019.10.11"]
[EventType "team-tourn"]
[EventRounds "9"]
[EventCountry "AUT"]
[SourceTitle "CBM 194 Extra"]
[Source "ChessBase"]
[SourceDate "2020.03.31"]
[SourceVersion "1"]
[SourceVersionDate "2020.03.31"]
[SourceQuality "1"]
[WhiteTeam "Mayrhofen/Zillertal (W)"]
[BlackTeam "Schach ohne Grenzen (W)"]
[WhiteTeamCountry "AUT"]
[BlackTeamCountry "AUT"]

1. e4 c5 2. b3 Nc6 3. Bb2 d5 4. exd5 Qxd5 5. Nc3 Qd8 6. h3 Nf6 7. Nf3 a6 8. a4 e6 9. Bc4 b6 10. 0-0 Bb7 11. Re1 Be7 12. Ne2 Na5 13. Nf4 Nxc4 14. bxc4 a5 15. d3 Qc7 16. Ne5 Bd6 17. Nh5 0-0-0 18. Bc3 Rhg8 19. Rb1 Bxe5 20. Rxe5 Qc6 21. f3 Nd7 22. Re3 Qxa4 23. Bxg7 Qc6 24. d4 Qd6 25. Rd3 Qe7 26. d5 e5 27. f4 e4 28. Rdb3 f5 29. Bf6 Nxf6 30. Rxb6 Rd6 31. Nxf6 Rxf6 32. Rxb7 Qxb7 33. Rxb7 Kxb7 34. Qb1+ Rb6 35. Qa1 Rbg6 36. g4 fxg4 37. h4 g3 38. Kg2 Ra8 39. f5 Rg4 40. Qb2+ Kc7 41. Qe5+ Kb7 42. Qe7+ Kb6 43. Qd6+ Kb7 44. Qc6+ Kb8 45. Qb6+ Kc8 46. d6 Rg7 47. Qc6+ Kb8 48. d7 1-0

[Event "AUT-chT (Women) 1920"]
[Site "Austria"]
[Date "2019.10.11"]
[Round "1.1"]
[White "Schnegg, Anna Lena"]
[Black "Exler, Veronika"]
[Result "1-0"]
[WhiteElo "2236"]
[BlackElo "2222"]
[PlyCount "81"]
[EventDate "2019.10.11"]
[EventType "team-tourn"]
[EventRounds "9"]
[EventCountry "AUT"]
[SourceTitle "CBM 193 Extra"]
[Source "ChessBase"]
[SourceDate "2020.01.31"]
[SourceVersion "1"]
[SourceVersionDate "2020.01.31"]
[SourceQuality "1"]
[WhiteTeam "Mayrhofen/Zillertal (W)"]
[BlackTeam "Wulkaprodersdorf (W)"]
[WhiteTeamCountry "AUT"]
[BlackTeamCountry "AUT"]

1. e4 c6 2. c4 d5 3. exd5 cxd5 4. cxd5 Nf6 5. Nc3 Nxd5 6. Nf3 Nc6 7. Bb5 Nxc3 8. bxc3 Qd5 9. Qe2 Bg4 10. d4 a6 11. Bc4 Qh5 12. Qe4 Qf5 13. Bd3 Qxe4+ 14. Bxe4 Rc8 15. 0-0 Bd7 16. Bf4 f6 17. h4 Nd8 18. Rfc1 e6 19. c4 Ba3 20. Rcb1 Rxc4 21. Bxb7 Nxb7 22. Rxb7 Ke7 23. d5 exd5 24. Be3 Rhc8 25. Re1 Re4 26. Nd4 Kd8 27. Rd1 Rc7 28. Rb6 Bc5 29. Rxa6 Ra7 30. Rxa7 Bxa7 31. Nc2 Bxe3 32. Nxe3 Rxh4 33. Nxd5 Ke8 34. Nb6 Bb5 35. Rc1 Rb4 36. Rc8+ Kf7 37. Rc7+ Kg6 38. Nd5 Ra4 39. Nc3 Rb4 40. Rb7 Rc4 41. Nxb5 1-0

[Event "AUT-chT (Women) 1819"]
[Site "Austria"]
[Date "2019.03.31"]
[Round "7.5"]
[White "Schnegg, Anna Lena"]
[Black "Karner, Sylvia"]
[Result "1-0"]
[WhiteElo "2190"]
[BlackElo "1686"]
[PlyCount "67"]
[EventDate "2018.11.17"]
[EventType "team-swiss"]
[EventRounds "7"]
[EventCountry "AUT"]
[SourceTitle "CBM 189 Extra"]
[Source "ChessBase"]
[SourceDate "2019.06.03"]
[SourceVersion "1"]
[SourceVersionDate "2019.06.03"]
[SourceQuality "1"]
[WhiteTeam "Mayrhofen/Zillertal (W)"]
[BlackTeam "Dornbirn (W)"]
[WhiteTeamCountry "AUT"]
[BlackTeamCountry "AUT"]

1. g3 Nf6 2. Bg2 g6 3. c4 c6 4. e4 d5 5. cxd5 cxd5 6. e5 Nfd7 7. d4 e6 8. h4 Bg7 9. h5 f6 10. hxg6 hxg6 11. Rxh8+ Bxh8 12. Qg4 Nf8 13. f4 f5 14. Qe2 Nc6 15. Nf3 Bd7 16. Nc3 a6 17. Be3 Qe7 18. Kf2 0-0-0 19. Na4 Kb8 20. Nc5 Rc8 21. Rb1 Na5 22. Bd2 Bb5 23. Qe1 Rxc5 24. dxc5 Qxc5+ 25. Qe3 Qxe3+ 26. Bxe3 Nc6 27. Bc5 Bg7 28. Ng5 Nd8 29. Rc1 Bc6 30. Bf1 Kc7 31. Be7 Kd7 32. Bxd8 Kxd8 33. Bxa6 Ke7 34. b4 1-0

[Event "AUT-chT (Women) 1819"]
[Site "Austria"]
[Date "2018.11.17"]
[Round "1.2"]
[White "Schnegg, Anna Lena"]
[Black "Rozman, Monika"]
[Result "1-0"]
[WhiteElo "2190"]
[BlackElo "2141"]
[PlyCount "145"]
[EventDate "2018.11.17"]
[EventType "team-swiss"]
[EventRounds "7"]
[EventCountry "AUT"]
[SourceTitle "CBM 187 Extra"]
[Source "ChessBase"]
[SourceDate "2018.11.04"]
[SourceVersion "1"]
[SourceVersionDate "2018.11.04"]
[SourceQuality "1"]
[WhiteTeam "Mayrhofen/Zillertal (W)"]
[BlackTeam "Feffernitz (W)"]
[WhiteTeamCountry "AUT"]
[BlackTeamCountry "AUT"]

1. c4 Nf6 2. Nc3 d5 3. cxd5 Nxd5 4. g3 c6 5. Bg2 g6 6. Nf3 Bg7 7. d4 0-0 8. 0-0 Nd7 9. e4 Nxc3 10. bxc3 e5 11. Be3 exd4 12. cxd4 Nb6 13. Qc2 f5 14. Qb3+ Kh8 15. Ne5 Qe8 16. Nd3 Be6 17. Qc2 fxe4 18. Nc5 Bc4 19. Rfd1 Qf7 20. Nxe4 Rad8 21. Rd2 Bd5 22. Bg5 Bxe4 23. Bxe4 Rxd4 24. Rad1 Rxd2 25. Rxd2 Nc4 26. Re2 Ne5 27. Bf4 Ng4 28. h3 Nf6 29. Bg2 Nd5 30. Be5 Bxe5 31. Rxe5 Nb4 32. Qc3 Nxa2 33. Qb2 Qf6 34. f4 g5 35. Qxa2 gxf4 36. gxf4 Qxf4 37. Qa1 Qf6 38. Qe1 Rg8 39. Re4 c5 40. Kh1 b5 41. Re7 a6 42. Qe4 Rg7 43. Re6 Qg5 44. Qf3 b4 45. Rxa6 Qe7 46. Ra1 Rg8 47. Rc1 Qg5 48. Rc4 Qe5 49. Rc1 Qg5 50. Rb1 Qe5 51. Qb7 Qe3 52. Rf1 b3 53. Qf7 Rg7 54. Qf8+ Rg8 55. Qf6+ Rg7 56. Rd1 h5 57. Rd8+ Kh7 58. Qf5+ Rg6 59. Qxh5+ Qh6 60. Qxc5 Rxg2 61. Kxg2 Qg7+ 62. Kh2 Qb2+ 63. Kg3 Qg7+ 64. Kh4 Qf6+ 65. Qg5 Qf2+ 66. Qg3 Qf6+ 67. Qg5 Qf2+ 68. Kg4 Qg1+ 69. Kf5 Qc5+ 70. Kf6 Qc6+ 71. Kf7 Qc4+ 72. Ke8 Qe6+ 73. Qe7+ 1-0

[Event "AUT-ch"]
[Site "Vienna"]
[Date "2018.07.27"]
[Round "7"]
[White "Schnegg, Anna Lena"]
[Black "Neubauer, Martin"]
[Result "1/2-1/2"]
[WhiteElo "2175"]
[BlackElo "2439"]
[PlyCount "104"]
[EventDate "2018.07.22"]
[EventType "swiss"]
[EventRounds "9"]
[EventCountry "AUT"]
[SourceTitle "CBM 185 Extra"]
[Source "ChessBase"]
[SourceDate "2018.07.29"]
[SourceVersion "1"]
[SourceVersionDate "2018.07.29"]
[SourceQuality "1"]

1. c4 e5 2. Nc3 Nf6 3. g3 c6 4. d4 exd4 5. Qxd4 d5 6. Nf3 Be6 7. cxd5 cxd5 8. e3 Nc6 9. Qd3 g6 10. Nd4 Bg7 11. Bg2 0-0 12. Nxe6 fxe6 13. 0-0 Qe7 14. Bd2 Rad8 15. Rac1 a6 16. Ne2 Ne4 17. Bc3 Nxc3 18. Nxc3 Ne5 19. Qe2 Rf7 20. Rc2 Kh8 21. Rfc1 Nc4 22. e4 Bd4 23. Nd1 Ne5 24. Rc8 Nc6 25. Rxd8+ Qxd8 26. exd5 exd5 27. Qd2 Ba7 28. Qxd5 Rd7 29. Qf3 Ne5 30. Qe2 Nd3 31. Rb1 Re7 32. Be4 Qd4 33. Qxd3 Rxe4 34. Qf3 Re8 35. Ne3 Qg7 36. b3 Rf8 37. Qe4 Qf7 38. Qe5+ Kg8 39. Rf1 Re8 40. Qd5 Qxd5 41. Nxd5 Re2 42. Ne3 Rxa2 43. Rd1 Bxe3 44. fxe3 b5 45. Rd7 b4 46. Rb7 a5 47. e4 Re2 48. Rb5 Rxe4 49. Kf2 Rd4 50. Ke2 Re4+ 51. Kf2 Rd4 52. Ke2 Re4+ 1/2-1/2

[Event "AUT-ch"]
[Site "Vienna"]
[Date "2018.07.25"]
[Round "5"]
[White "Schnegg, Anna Lena"]
[Black "Pernerstorfer, Johannes"]
[Result "1/2-1/2"]
[WhiteElo "2175"]
[BlackElo "2066"]
[PlyCount "64"]
[EventDate "2018.07.22"]
[EventType "swiss"]
[EventRounds "9"]
[EventCountry "AUT"]
[SourceTitle "CBM 185 Extra"]
[Source "ChessBase"]
[SourceDate "2018.07.29"]
[SourceVersion "1"]
[SourceVersionDate "2018.07.29"]
[SourceQuality "1"]

1. e4 c5 2. b3 e5 3. Nf3 d6 4. Nc3 Nf6 5. h3 Be7 6. Bc4 0-0 7. 0-0 a6 8. a4 b6 9. d3 Nc6 10. Nd5 Nxd5 11. Bxd5 Bd7 12. c3 Rb8 13. Bb2 Bf6 14. d4 cxd4 15. cxd4 exd4 16. Nxd4 Ne7 17. Bc4 b5 18. axb5 axb5 19. Be2 d5 20. exd5 Nxd5 21. Qd2 Qe7 22. Bf3 Qb4 23. Qd3 Nf4 24. Qe4 Ne6 25. Nxe6 Qxe4 26. Bxe4 Bxe6 27. Bxf6 gxf6 28. b4 Rfc8 29. Bd3 Rc3 30. Rfd1 Kg7 31. Bf1 Bc4 32. Rac1 Rb3 1/2-1/2

[Event "AUT-ch"]
[Site "Vienna"]
[Date "2018.07.24"]
[Round "4"]
[White "Morgunov, Daniel"]
[Black "Schnegg, Anna Lena"]
[Result "1-0"]
[WhiteElo "2346"]
[BlackElo "2175"]
[PlyCount "57"]
[EventDate "2018.07.22"]
[EventType "swiss"]
[EventRounds "9"]
[EventCountry "AUT"]
[SourceTitle "CBM 185 Extra"]
[Source "ChessBase"]
[SourceDate "2018.07.29"]
[SourceVersion "1"]
[SourceVersionDate "2018.07.29"]
[SourceQuality "1"]

1. e4 c5 2. Nf3 Nc6 3. d4 cxd4 4. Nxd4 g6 5. c4 Bg7 6. Be3 d6 7. Nc3 Nf6 8. f3 0-0 9. Qd2 Bd7 10. Rc1 Nxd4 11. Bxd4 Bc6 12. Be2 Nd7 13. Be3 a5 14. b3 Nc5 15. 0-0 Be5 16. Rfd1 e6 17. Qe1 Qe7 18. Rc2 Rad8 19. Rb1 f5 20. exf5 exf5 21. Bf1 Rfe8 22. Bf2 Qg5 23. Qc1 Bf4 24. Qd1 Qh5 25. h3 Qg5 26. Nd5 Re5 27. h4 Qh6 28. g3 Re3 29. gxf4 1-0

[Event "AUT-ch"]
[Site "Vienna"]
[Date "2018.07.22"]
[Round "1"]
[White "Schnegg, Anna Lena"]
[Black "Kordzadze, Nino"]
[Result "1-0"]
[WhiteElo "2175"]
[BlackElo "1966"]
[PlyCount "145"]
[EventDate "2018.07.22"]
[EventType "swiss"]
[EventRounds "9"]
[EventCountry "AUT"]
[SourceTitle "CBM 185 Extra"]
[Source "ChessBase"]
[SourceDate "2018.07.29"]
[SourceVersion "1"]
[SourceVersionDate "2018.07.29"]
[SourceQuality "1"]

1. c4 f5 2. Nc3 Nf6 3. d3 e6 4. Nf3 Be7 5. e4 d6 6. exf5 e5 7. d4 e4 8. Ng5 Bxf5 9. f3 exf3 10. Qxf3 Qc8 11. Bd3 Bxd3 12. Qxd3 Qg4 13. 0-0 Nc6 14. Nb5 Rc8 15. h3 Qd7 16. Bd2 a6 17. Na3 g6 18. Rae1 0-0 19. Ne6 Rf7 20. d5 Ne5 21. Qd4 Nh5 22. Rxf7 Kxf7 23. Rf1+ Kg8 24. Bc3 Bf6 25. Qf2 Nd3 26. Qf3 Ne5 27. Bxe5 dxe5 28. Qc3 Qe7 29. Qe3 Ng7 30. Nxg7 Kxg7 31. Qe4 Qc5+ 32. Kh1 Qb4 33. Rf2 b5 34. Re2 bxc4 35. Qxc4 Qd6 36. Rc2 Be7 37. Nb1 Qf6 38. Nd2 Bd6 39. Ne4 Qe7 40. Qxa6 Rf8 41. Qa7 Rf7 42. Rf2 Rf4 43. Qe3 Qh4 44. Rxf4 exf4 45. Qc3+ Kh6 46. Nf6 Qg5 47. Ng8+ Kh5 48. Qf3+ Kh4 49. Nh6 Qg3 50. Qg4+ Qxg4 51. Nxg4 Kg5 52. Kg1 h5 53. Nf2 Kf5 54. Nd1 Ke4 55. Nc3+ Kd3 56. Kf2 Kc2 57. Nb5 Be5 58. a4 Kb3 59. Nc3 Bxc3 60. bxc3 Kxa4 61. Kf3 Kb3 62. Kxf4 Kxc3 63. Ke5 Kd3 64. g4 hxg4 65. hxg4 Ke3 66. g5 Kf3 67. Kf6 Ke4 68. Kxg6 Kxd5 69. Kf6 c5 70. g6 c4 71. g7 c3 72. g8Q+ Kd4 73. Qg6 1-0

[Event "AUT-chT (Women) 1718"]
[Site "Austria"]
[Date "2017.11.26"]
[Round "3.1"]
[White "Schnegg, Anna Lena"]
[Black "Hapala, Elisabeth"]
[Result "1-0"]
[WhiteElo "2114"]
[BlackElo "2085"]
[PlyCount "153"]
[EventDate "2017.11.24"]
[EventType "team-tourn"]
[EventRounds "9"]
[EventCountry "AUT"]
[SourceTitle "CBM 181 Extra"]
[Source "ChessBase"]
[SourceDate "2017.12.12"]
[SourceVersion "1"]
[SourceVersionDate "2017.12.12"]
[SourceQuality "1"]
[WhiteTeam "Mayrhofen/Zillertal (W)"]
[BlackTeam "Pamhagen (W)"]
[WhiteTeamCountry "AUT"]
[BlackTeamCountry "AUT"]

1. c4 e5 2. Nc3 Nf6 3. e4 Nc6 4. g3 g6 5. Bg2 Bg7 6. Nge2 0-0 7. 0-0 d6 8. d3 Nd7 9. Be3 Nc5 10. f4 Ne6 11. f5 Ned4 12. g4 Bf6 13. Nd5 Nxe2+ 14. Qxe2 Nd4 15. Qd2 Bh4 16. Bh6 c6 17. Bxf8 Qxf8 18. Nc3 Qe7 19. Kh1 Bd7 20. Ne2 Bg5 21. Qd1 Nxe2 22. Qxe2 Bf4 23. Qf2 Qg5 24. Bf3 Be3 25. Qe1 Bd2 26. Qe2 Bf4 27. Rae1 Qh4 28. Qf2 Qxf2 29. Rxf2 c5 30. Kg2 g5 31. Rb1 a5 32. a3 a4 33. Bd1 Bc6 34. Kf1 Kg7 35. Ke1 h6 36. Rg2 Kf6 37. Kf1 Ra5 38. Ke1 Ke7 39. Rf2 Kf6 40. Rg2 Ke7 41. b3 axb3 42. Rxb3 Kd7 43. Rgb2 Kc7 44. Rf2 Ra8 45. Rf3 Bxh2 46. Rh3 Bf4 47. Rxh6 Kd7 48. a4 Ke7 49. Ra3 Ra5 50. Bb3 Be3 51. Ke2 Bf4 52. Ra1 Bg3 53. Rah1 Ra6 54. Kd2 Bh4 55. Rh8 Be8 56. f6+ Kd7 57. a5 Rxa5 58. Rb1 Ra8 59. Rb2 Ke6 60. Ba4 Rxa4 61. Rxe8+ Kxf6 62. Rxb7 Ra2+ 63. Kc3 Be1+ 64. Kb3 Rd2 65. Ree7 Rxd3+ 66. Kc2 Rd2+ 67. Kb3 Rd3+ 68. Ka4 Rd4 69. Rxf7+ Kg6 70. Rfd7 Rxc4+ 71. Kb5 Rd4 72. Kc6 Bc3 73. Rxd6+ Rxd6+ 74. Kxd6 Bd4 75. Kd5 Kf6 76. Rc7 Kg6 77. Rxc5 1-0

[Event "EU-chT (Women) 21st"]
[Site "Heraklion"]
[Date "2017.11.01"]
[Round "5.4"]
[White "Schnegg, Anna Lena"]
[Black "Koskoska, Gabriela"]
[Result "1-0"]
[WhiteElo "2114"]
[BlackElo "2018"]
[PlyCount "115"]
[EventDate "2017.10.28"]
[EventType "team-swiss"]
[EventRounds "9"]
[EventCountry "GRE"]
[SourceTitle "CBM 181 Extra"]
[Source "ChessBase"]
[SourceDate "2017.12.12"]
[SourceVersion "1"]
[SourceVersionDate "2017.12.12"]
[SourceQuality "1"]
[WhiteTeam "Austria (W)"]
[BlackTeam "Macedonia (W)"]
[WhiteTeamCountry "AUT"]
[BlackTeamCountry "MKD"]

1. e4 d5 2. exd5 Qxd5 3. Nc3 Qd8 4. d4 c6 5. Bf4 Nf6 6. Nf3 Bg4 7. h3 Bxf3 8. Qxf3 e6 9. 0-0-0 Nd5 10. Nxd5 Qxd5 11. Qg3 Nd7 12. c4 Qa5 13. Kb1 0-0-0 14. Bd3 g6 15. Bg5 f6 16. Bf4 e5 17. dxe5 Nxe5 18. Be2 Bg7 19. Qb3 Nd7 20. Qc2 Rhe8 21. g4 Nc5 22. Bf3 Ne6 23. Be3 Kb8 24. Rxd8+ Rxd8 25. Rd1 Rxd1+ 26. Qxd1 Qe5 27. Qd7 f5 28. Qe8+ Kc7 29. Qe7+ Kc8 30. Bc1 Nd4 31. Qxe5 Bxe5 32. Bg2 Ne2 33. Be3 c5 34. Bxc5 Nf4 35. Bf1 b6 36. Be3 Kd7 37. gxf5 gxf5 38. Kc2 Ke6 39. a4 Ng6 40. c5 bxc5 41. Bxc5 Bb8 42. Kc3 Kd5 43. b4 Nf4 44. Be3 Be5+ 45. Kb3 Bb8 46. b5 Ke5 47. Kc4 Ne6 48. a5 f4 49. Bxa7 Bxa7 50. b6 Bxb6 51. axb6 Kd6 52. Kb5 Nc5 53. Bg2 Nd7 54. Ka6 h6 55. b7 Kc7 56. Ka7 Nb8 57. Bf3 Nd7 58. Be2 1-0

[Event "EU-chT (Women) 21st"]
[Site "Heraklion"]
[Date "2017.10.30"]
[Round "3.3"]
[White "Puuska, Heini"]
[Black "Schnegg, Anna Lena"]
[Result "1-0"]
[WhiteElo "1947"]
[BlackElo "2114"]
[PlyCount "63"]
[EventDate "2017.10.28"]
[EventType "team-swiss"]
[EventRounds "9"]
[EventCountry "GRE"]
[SourceTitle "CBM 181 Extra"]
[Source "ChessBase"]
[SourceDate "2017.12.12"]
[SourceVersion "1"]
[SourceVersionDate "2017.12.12"]
[SourceQuality "1"]
[WhiteTeam "Finland (W)"]
[BlackTeam "Austria (W)"]
[WhiteTeamCountry "FIN"]
[BlackTeamCountry "AUT"]

1. d4 d5 2. c4 e6 3. Nc3 Be7 4. cxd5 exd5 5. Bf4 c6 6. e3 Bf5 7. Nge2 Nf6 8. Ng3 Bg6 9. h4 h6 10. h5 Bh7 11. Bd3 Bd6 12. Bxd6 Qxd6 13. Bxh7 Nxh7 14. Qg4 0-0 15. Nf5 Qf6 16. Rh3 Kh8 17. Rg3 g5 18. e4 Na6 19. exd5 Nb4 20. Kf1 Nxd5 21. Nxd5 cxd5 22. Rc3 Rfe8 23. Ne3 Rad8 24. Qf5 Re7 25. Rc8 Rde8 26. Rxe8+ Rxe8 27. Rc1 Qxd4 28. Rc8 Qa4 29. Qe5+ Nf6 30. Qxf6+ Kg8 31. Rxe8+ Qxe8 32. Nf5 1-0

[Event "EU-chT (Women) 21st"]
[Site "Heraklion"]
[Date "2017.10.29"]
[Round "2.3"]
[White "Schnegg, Anna Lena"]
[Black "Revo, Tatiana"]
[Result "0-1"]
[WhiteElo "2114"]
[BlackElo "2097"]
[PlyCount "114"]
[EventDate "2017.10.28"]
[EventType "team-swiss"]
[EventRounds "9"]
[EventCountry "GRE"]
[SourceTitle "CBM 181 Extra"]
[Source "ChessBase"]
[SourceDate "2017.12.12"]
[SourceVersion "1"]
[SourceVersionDate "2017.12.12"]
[SourceQuality "1"]
[WhiteTeam "Austria (W)"]
[BlackTeam "Belarus (W)"]
[WhiteTeamCountry "AUT"]
[BlackTeamCountry "BLR"]

1. e4 c5 2. Nf3 d6 3. d4 cxd4 4. Nxd4 Nf6 5. Nc3 a6 6. g3 e6 7. Bg2 Be7 8. 0-0 0-0 9. Be3 Qc7 10. g4 Nc6 11. g5 Nd7 12. f4 Re8 13. Qh5 g6 14. Qh4 Bf8 15. Rf3 Bg7 16. Nxc6 bxc6 17. e5 d5 18. Rh3 Rb8 19. Qxh7+ Kf8 20. b3 c5 21. Re1 Bb7 22. Bf2 Ba8 23. Na4 Rb4 24. Rc3 d4 25. Rd3 Bxg2 26. Kxg2 Nb6 27. c3 Rxa4 28. bxa4 Nd5 29. Qh4 Nxc3 30. Qg3 Qc6+ 31. Kg1 Qxa4 32. Rxc3 dxc3 33. Qxc3 Qxf4 34. Qxc5+ Kg8 35. Bg3 Qxg5 36. Qc6 Rd8 37. Qxa6 Rd5 38. Qc8+ Bf8 39. Qc3 Bc5+ 40. Kh1 Bd4 41. Qc7 Qf5 42. Kg2 Bc5 43. Qb8+ Kg7 44. Qb2 Bd4 45. Qe2 Qg5 46. h4 Qd8 47. Kh3 Bc3 48. Rf1 Qc7 49. Qf3 Bxe5 50. Bxe5+ Rxe5 51. Qf6+ Kg8 52. Kg2 Ra5 53. Rf2 Qb7+ 54. Kh2 Qb8+ 55. Kg1 Qa7 56. Qd8+ Kh7 57. Qe8 Rf5 0-1

[Event "EU-chT (Women) 21st"]
[Site "Heraklion"]
[Date "2017.10.28"]
[Round "1.4"]
[White "Schnegg, Anna Lena"]
[Black "L'Ami, Alina"]
[Result "1/2-1/2"]
[WhiteElo "2114"]
[BlackElo "2286"]
[PlyCount "92"]
[EventDate "2017.10.28"]
[EventType "team-swiss"]
[EventRounds "9"]
[EventCountry "GRE"]
[SourceTitle "CBM 181 Extra"]
[Source "ChessBase"]
[SourceDate "2017.12.12"]
[SourceVersion "1"]
[SourceVersionDate "2017.12.12"]
[SourceQuality "1"]
[WhiteTeam "Austria (W)"]
[BlackTeam "Romania (W)"]
[WhiteTeamCountry "AUT"]
[BlackTeamCountry "ROU"]

1. e4 c5 2. Nf3 d6 3. d4 cxd4 4. Nxd4 Nf6 5. Nc3 a6 6. g3 e5 7. Nde2 Be7 8. Bg2 h5 9. Bg5 Nbd7 10. a4 Nf8 11. Qd2 N8h7 12. Be3 Ng4 13. Nd5 Nxe3 14. Nxe3 Be6 15. h4 Nf6 16. Nc3 Rc8 17. Nf5 Bxf5 18. exf5 Qd7 19. Qd3 0-0 20. 0-0 b5 21. axb5 axb5 22. Nxb5 d5 23. Ra7 Qd8 24. Nc3 e4 25. Qd2 Bc5 26. Raa1 Re8 27. Kh1 Bb4 28. Ra4 Bxc3 29. bxc3 Qd7 30. Qd4 Qxf5 31. c4 dxc4 32. Rxc4 Red8 33. Rxc8 Qxc8 34. Qa4 g6 35. Kg1 Qg4 36. Qc6 Kg7 37. Qc3 Qe2 38. Re1 Rd1 39. Rxd1 Qxd1+ 40. Kh2 Qe2 41. Kg1 Qd1+ 42. Kh2 Qd5 43. Kg1 Qe6 44. Qd4 Kf8 45. c4 Ke7 46. c5 Qd7 1/2-1/2

[Event "Innsbruck op-A 1st"]
[Site "Innsbruck"]
[Date "2017.08.30"]
[Round "6"]
[White "Schnegg, Anna Lena"]
[Black "Villa, Giorgio"]
[Result "1/2-1/2"]
[WhiteElo "2128"]
[BlackElo "2011"]
[PlyCount "51"]
[EventDate "2017.08.25"]
[EventType "swiss"]
[EventRounds "9"]
[EventCountry "AUT"]
[SourceTitle "CBM 180 Extra"]
[Source "ChessBase"]
[SourceDate "2017.10.06"]
[SourceVersion "1"]
[SourceVersionDate "2017.10.06"]
[SourceQuality "1"]

1. e4 d5 2. exd5 Qxd5 3. Nc3 Qd6 4. d4 Nf6 5. Nf3 c6 6. g3 Bf5 7. Bg2 h6 8. Qe2 e6 9. Bf4 Qd8 10. 0-0 Be7 11. Rfd1 0-0 12. Ne5 Nbd7 13. Ne4 Nxe4 14. Bxe4 Bxe4 15. Qxe4 Nxe5 16. Bxe5 Bf6 17. Rd3 Qe7 18. Rad1 Rfd8 19. Qf4 Rd7 20. Bxf6 Qxf6 21. Qxf6 gxf6 22. f4 Rad8 23. Kf2 f5 24. Kf3 Kf8 25. a4 Ke7 26. Rb1 1/2-1/2